000 01153nam a2200241Ia 4500
999 _c38456
_d38456
001 4468
003 GE_BSU
005 20190517194329.0
008 181216s1974|||| |||||||||||||| ||geo||
040 _cGE_BSU
041 _ageo
080 _a53(076)+535(042.4) ღ–80
100 _aღონღაძე,დ.
_91359
245 _aზოგადი ფიზიკის კურსის ამოცანათა კრებული : (ელექტრობა და მაგნიტიზმი)
_bდამხმ. სახელმძღვ. / დ. ღონღაძე ; ნ. სანიძე ; თ. ჭანიშვილი ; რედ : მ. ძიძიგური
264 _aთბილისი :
_bსპი,
_c1974.
300 _a283 გვ .:
_c20 სმ.
653 _aზოგადი ფიზიკა. ელექტრობა და მაგნეტიზმი
653 _aფიზიკა
700 _aსანიძე, ნ
_91360
700 _aჭანიშვილი, თ
_91361
700 _aძიძიგური, მ
_eრედაქტორი
_9472
942 _cBK
_2udc